Meranie výkonnosti ekonomiky v SR bakalárska práca

Salvato in:
Dettagli Bibliografici
Autore principale: Kučerová, Lenka
Ente Autore: Fakulta hospodárskej informatiky EU. Katedra aplikovanej informatiky
Altri autori: Komáromy, Peter
Natura: Libro
Lingua:slovacco
Pubblicazione: Bratislava 2009
Tags: Aggiungi Tag
Nessun Tag, puoi essere il primo ad aggiungerne!!

MARC

LEADER 00000nam$a2200000$$$4500
001 0096084
005 20240319122940.9
041 0 |a slo 
044 |a SK 
245 1 0 |a Meranie výkonnosti ekonomiky v SR  |b bakalárska práca  |c Lenka Kučerová ; škol. Peter Komáromy 
264 1 |a Bratislava  |c 2009 
300 |a 43 s. 
100 1 |a Kučerová, Lenka 
700 1 |a Komáromy, Peter 
710 2 |a Fakulta hospodárskej informatiky EU. Katedra aplikovanej informatiky